Normal view MARC view
  • Vidal Uribe, Rafael

Entry Nombre Personal

Number of records used in: 4

001 - NUMERO DE CONTROL

  • campo de control: 42755

003 - IDENTIFICADOR DE NUMERO DE CONTROL

  • campo de control: DLC

005 - FECHA Y HORA DE LA ÜLTIMA TRANSACCIÓN

  • campo de control: 20221123132441.0

008 - DATOS DE LONGITUD FIJA

  • campo de control de longitud fija: 221123n| acannaabn |a aaa

010 ## - NÚMERO DE CONTROL DE LA BIBLIOTECA DEL CONGRESO

  • Número de control LC: n 91091458

035 ## - NUMERO DE CONTROL

  • Número de control: (OCoLC)oca03017290

040 ## - FUENTE DE CATALOGACIÓN

  • Agencia original de catalogación: DLC
  • Lenguaje de catalogación: spa
  • Agencia de transcripción: DLC
  • Agencia que lo modifica: OCoLC
  • Agencia que lo modifica: MX-MxUPN

100 1# - ENCABEZAMIENTO - NOMBRE PERSONAL

  • Nombre personal: Vidal Uribe, Rafael

373 ## - GRUPO ASOCIADO

  • Associated group: Centro Nacional de Evaluación para la Educación Superior
  • Start period: 2006
  • End period: 2014

400 1# - VEÁSE - NOMBRE DE PERSONA

  • Personal name: Uribe, Rafael Vidal

400 1# - VEÁSE - NOMBRE DE PERSONA

  • Personal name: Vidal Uribe, Rafael Santiago

400 1# - VEÁSE - NOMBRE DE PERSONA

  • Personal name: Uribe, Rafael Santiago Vidal

670 ## - FUENTE EN LA QUE SE LOCALIZARON DATOS

  • Cita de la fuente: Díaz Gutiérrez, M.A. Perfil de los alumnos egresados del nivel ... 1990:
  • Información localizada: portada (Rafael Vidal Uribe)

670 ## - FUENTE EN LA QUE SE LOCALIZARON DATOS

  • Cita de la fuente: En el sitio web Coloquio Internacional sobre Evaluación de resultados de aprendizaje en educación superior, consultado Noviembre 23, 2022:
  • Información localizada: (Mtro. Rafael Santiago Vidal Uribe. Es el Coordinador General de los Comités Interinstitucionales para la Evaluación de la Educación Superior (CIEES). De 2006 a 2014 desempeñó el cargo de Director General del Centro Nacional de Evaluación para la Educación Superior (Ceneval))

902 ## - CATALOGADOR

  • Catalogador: NDAF/231122